LEADER 02516nam 2200637 450 001 9910453860103321 005 20200520144314.0 010 $a0-8139-3532-6 035 $a(CKB)2550000001191490 035 $a(EBL)3444148 035 $a(OCoLC)869525345 035 $a(SSID)ssj0001189694 035 $a(PQKBManifestationID)11682119 035 $a(PQKBTitleCode)TC0001189694 035 $a(PQKBWorkID)11175843 035 $a(PQKB)10726482 035 $a(MiAaPQ)EBC3444148 035 $a(MdBmJHUP)muse32694 035 $a(Au-PeEL)EBL3444148 035 $a(CaPaEBR)ebr10831637 035 $a(CaONFJC)MIL570913 035 $a(EXLCZ)992550000001191490 100 $a20140214h20142014 uy 0 101 0 $aeng 135 $aur|n|---||||| 181 $ctxt 182 $cc 183 $acr 200 10$aAmbivalent miracles $eevangelicals and the politics of racial healing /$fNancy D. Wadsworth 210 1$aCharlottesville, Virginia :$cUniversity of Virginia Press,$d2014. 210 4$d©2014 215 $a1 online resource (320 p.) 225 1 $aRace, Ethnicity, and Politics 300 $aDescription based upon print version of record. 311 $a0-8139-3531-8 311 $a1-306-39662-X 320 $aIncludes bibliographical references and index. 327 $aOf signs and wonders : situating evangelical racial change -- Evangelical race relations in historical context -- Competing racial narratives in the postcivil rights movement period -- Religious race bridging as a third way -- Epiphanal spaces of evangelical culture -- Troubled waters under the bridge : avoiding conflict through customs and etiquettes -- Politics, culture, and the multiethnic church -- On the ground, in the moment : growing a young multiethnic church. 410 0$aPolitics of race and ethnicity. 606 $aEvangelicalism$xPolitical aspects$zUnited States 606 $aEvangelicalism$xSocial aspects$zUnited States 606 $aRace relations$xReligious aspects$xChristianity 607 $aUnited States$xRace relations 608 $aElectronic books. 615 0$aEvangelicalism$xPolitical aspects 615 0$aEvangelicalism$xSocial aspects 615 0$aRace relations$xReligious aspects$xChristianity. 676 $a277.3083 700 $aWadsworth$b Nancy D.$f1968-$0882157 801 0$bMiAaPQ 801 1$bMiAaPQ 801 2$bMiAaPQ 906 $aBOOK 912 $a9910453860103321 996 $aAmbivalent miracles$91970406 997 $aUNINA LEADER 00879nam0-22003011i-450 001 990003808560403321 005 20220629121548.0 010 $a88-359-3545-8 035 $a000380856 100 $a20030910d1992----km-y0itay50------ba 101 0 $aita 105 $ay-------001yy 200 1 $aAnni inquieti$esocietą media ideologie negli Stati Uniti da Truman a Kennedy$fBruno Cartosio 210 $a1. ed. - Roma$cEditori Riuniti$d1992 215 $axix, 313 p.$d21 cm 225 1 $a<>studi. Storia 300 $aContiene bibl. 610 0 $aMezzi di comunicazione di massa$aStati Uniti 676 $a302.230973 676 $a302.23 700 1$aCartosio,$bBruno$0120913 801 0$aIT$bUNINA$gRICA$2UNIMARC 901 $aBK 912 $a990003808560403321 952 $a302.23 CAR 1$b7084$fBFS 959 $aBFS 996 $aAnni inquieti$9505585 997 $aUNINA